| 000 | 00982cam a2200241 4500 | ||
|---|---|---|---|
| 001 | WB3913-12 | ||
| 008 | 030402n2003 000 0 eng u | ||
| 035 | _a(Sirsi) u121869 | ||
| 245 | _aReport backs case for low-impact homes | ||
| 260 | _c2003 | ||
| 490 |
_aPlanning (for the Natural and Built Environment) _v28 March 2003, 2(1) |
||
| 520 | _aThe land campaign group, Chapter 7, have published a report on the need for PPG7 to provide more opportunities for sustainable low-impact homes and remove obstacles to live-work opportunities. "Sustainable homes and livelihoods in the countryside" is available from Chapter 7, t +44 (0)1460 249204. | ||
| 590 | _aWB | ||
| 650 | _aSUSTAINABLE DEVELOPMENT | ||
| 650 | _aPPG7 | ||
| 650 | _aLOW IMPACT DEVELOPMENT | ||
| 650 | _aPLANNING POLICY | ||
| 650 | _aRURAL ECONOMY | ||
| 650 | _aRURAL DEVELOPMENT | ||
| 650 | _aRURAL COMMUNITIES | ||
| 690 | _aENVIRONMENTAL AND LAND CONSULTANCY-PLANNING AND DEVELOPMENT | ||
| 942 | _n0 | ||
| 999 |
_c72424 _d72424 |
||